[Event "3FoglarGM_A"]
[Site "?"]
[Date "2007.??.??"]
[Round "?"]
[White "Vaclav, Juraj"]
[Black "Morais, Gustavo"]
[Result "1-0"]
[WhiteElo "2488"]
[BlackElo "2376"]
[PlyCount "133"]
[EventDate "2007.??.??"]

1. e4 e5 2. Nf3 Nc6 3. Bb5 a6 4. Ba4 Nf6 5. O-O Be7 6. Re1 b5 7. Bb3 d6 8. c3
O-O 9. h3 Na5 10. Bc2 c5 11. d4 Bb7 12. Nbd2 cxd4 13. cxd4 Rc8 14. d5 Qc7 15.
Bd3 Nd7 16. Nf1 f5 17. Ng3 f4 18. Nf5 Rxf5 19. exf5 Nf6 20. Ng5 Qd7 21. b3 Bxd5
22. Ba3 Nc6 23. Rc1 Nd4 24. Rxc8+ Qxc8 25. Bb2 h6 26. Bxd4 hxg5 27. f3 Bd8 28.
Bf2 Ba5 29. Rf1 Qb7 30. Qe2 Bb6 31. Bxb6 Qxb6+ 32. Kh2 Bb7 33. Rc1 Kh7 34. Rc2
Bc6 35. Qf2 Qb7 36. Qe1 b4 37. Qc1 Bxf3 38. gxf3 Qxf3 39. Qf1 Qg3+ 40. Kh1 e4
41. Bxa6 f3 42. Qg1 Qf4 43. Qh2 Qh4 44. Qf2 Qxh3+ 45. Qh2 g4 46. Qxh3+ gxh3 47.
Rh2 Kh6 48. Rxh3+ Kg5 49. Rg3+ Kxf5 50. Rxg7 Nd5 51. Kg1 Nc3 52. Kf2 Kf4 53.
Rf7+ Ke5 54. Ke3 d5 55. Re7+ Kd6 56. Re8 Kc5 57. Rc8+ Kb6 58. Bf1 Nxa2 59. Bh3
Nc3 60. Bd7 Kb7 61. Bg4 Ne2 62. Rc5 Nc3 63. Be6 Kb6 64. Rxd5 Nxd5+ 65. Bxd5 f2
66. Kxf2 Kc5 67. Bxe4 1-0

[Event "3FoglarGM_A"]
[Site "?"]
[Date "2007.??.??"]
[Round "?"]
[White "Vaclav, Juraj"]
[Black "Bortolin, Bruno"]
[Result "1-0"]
[WhiteElo "2488"]
[BlackElo "2398"]
[PlyCount "117"]
[EventDate "2007.??.??"]

1. e4 Nf6 2. e5 Nd5 3. d4 d6 4. Nf3 g6 5. Bc4 Nb6 6. Bb3 Bg7 7. O-O O-O 8. h3
Nc6 9. Qe2 Na5 10. Nc3 h6 11. Ne4 Bd7 12. Bd2 Nxb3 13. axb3 Bc6 14. Rfd1 f5 15.
Nc3 Kh7 16. b4 a6 17. Bf4 g5 18. d5 Nxd5 19. Nxd5 gxf4 20. Nxf4 Qc8 21. exd6
exd6 22. Nd4 Bxd4 23. Rxd4 Qd7 24. c4 Rae8 25. Qd2 Rg8 26. Rd3 Re4 27. f3 Re5
28. c5 Bb5 29. Rc3 Qd8 30. Rd1 Rg7 31. cxd6 cxd6 32. Qf2 Qg5 33. Rd4 Qe7 34.
Rc1 Bc6 35. Rcd1 d5 36. h4 Qd6 37. h5 Qd8 38. Re1 Qf6 39. Rxe5 Qxe5 40. Qd2 Rd7
41. Ng6 Qf6 42. Qd3 Bb5 43. Qe3 Kg7 44. Qd2 Bc6 45. Nh4 Rf7 46. Rf4 Qe5 47. Ng6
Qe6 48. Qc3+ Rf6 49. Rd4 Qd6 50. Nf4 Kf7 51. b3 Qd8 52. Qd3 Qd7 53. Kf2 b5 54.
Qc3 Qd8 55. Rd1 Rd6 56. Ng6 Bd7 57. Qe5 Bc8 58. Qf4 Kg7 59. Re1 1-0

[Event "3FoglarGM_A"]
[Site "?"]
[Date "2007.??.??"]
[Round "?"]
[White "Poulheim, Karl-Friedrich"]
[Black "Sykora, Josef"]
[Result "1/2-1/2"]
[WhiteElo "2404"]
[BlackElo "2375"]
[PlyCount "97"]
[EventDate "2007.??.??"]

1. e4 c5 2. d4 cxd4 3. c3 Nf6 4. e5 Nd5 5. Nf3 Nc6 6. cxd4 d6 7. Nc3 dxe5 8.
dxe5 Nxc3 9. Qxd8+ Nxd8 10. bxc3 Bd7 11. Be3 g6 12. Nd4 Bg7 13. f4 Rc8 14. Kd2
f6 15. exf6 Bxf6 16. Rb1 O-O 17. h4 b6 18. h5 Nf7 19. Ba6 Rc7 20. Bd3 e5 21.
fxe5 Nxe5 22. hxg6 hxg6 23. Bh6 Rf7 24. Be4 Rc5 25. Nb3 Rc8 26. Bd5 Bf5 27. Nd4
Nc4+ 28. Ke2 Bxb1 29. Rxb1 g5 30. Nf3 Re8+ 31. Kd3 Ne5+ 32. Nxe5 Rxe5 33. Bxf7+
Kxf7 34. Rf1 Rc5 35. c4 Ra5 36. Rf2 Ra3+ 37. Ke4 Rg3 38. Kd5 Rg4 39. c5 bxc5
40. Bf8 c4 41. Bb4 Kg6 42. Rc2 c3 43. Bxc3 Bxc3 44. Rxc3 Rxg2 45. Ra3 Rd2+ 46.
Ke4 Rd7 47. Kf3 Kh5 48. Kg3 Rf7 49. Ra5 1/2-1/2

[Event "3FoglarGM_A"]
[Site "?"]
[Date "2007.??.??"]
[Round "?"]
[White "Conttegnie, Francis"]
[Black "Sykora, Josef"]
[Result "1/2-1/2"]
[WhiteElo "2398"]
[BlackElo "2375"]
[PlyCount "94"]
[EventDate "2007.??.??"]

1. e4 c5 2. c3 Nf6 3. e5 Nd5 4. d4 cxd4 5. Nf3 Nc6 6. cxd4 d6 7. Bc4 Nb6 8. Bb5
Bd7 9. Nc3 dxe5 10. dxe5 g6 11. O-O Bg7 12. Qe2 O-O 13. Rd1 Qc7 14. a4 a5 15.
h3 Be6 16. Bf4 Rad8 17. Qe4 Qc8 18. Rac1 Rxd1+ 19. Rxd1 Bb3 20. Rc1 Rd8 21. Ne2
Rd1+ 22. Rxd1 Bxd1 23. Ned4 Na7 24. Ng5 Nxb5 25. axb5 a4 26. Be3 f5 27. Qd3 Bh5
28. Nc6 bxc6 29. Bxb6 cxb5 30. Qd5+ Kh8 31. Nf7+ Kg8 32. Nd6+ e6 33. Qxb5 Qc1+
34. Kh2 h6 35. Be3 Qd1 36. Qb8+ Kh7 37. Ne8 Qd7 38. Nf6+ Bxf6 39. exf6 g5 40.
f4 g4 41. hxg4 Bxg4 42. Bd4 Qf7 43. Bc3 Bd1 44. Qd6 Bb3 45. Qb4 Kg8 46. Be5 Qe8
47. Qc3 Qh5+ 1/2-1/2

[Event "3FoglarGM_A"]
[Site "?"]
[Date "2007.??.??"]
[Round "?"]
[White "Mrkvicka, Josef"]
[Black "Horvath, Alexander"]
[Result "1/2-1/2"]
[WhiteElo "2488"]
[BlackElo "2421"]
[PlyCount "88"]
[EventDate "2007.??.??"]

1. e4 Nf6 2. e5 Nd5 3. d4 d6 4. Nf3 Bg4 5. Be2 e6 6. O-O Be7 7. c4 Nb6 8. Nc3
O-O 9. Be3 a6 10. b3 d5 11. c5 N6d7 12. h3 Bh5 13. Ne1 Bxe2 14. Qxe2 Nc6 15.
Nd3 Qe8 16. Rad1 Kh8 17. a3 f5 18. b4 Rg8 19. Kh1 b6 20. Rg1 Nf8 21. g3 g5 22.
cxb6 cxb6 23. Kh2 Rc8 24. Rc1 Ng6 25. Qd2 Qf8 26. Ne2 Qh6 27. Rc3 Na7 28. Rxc8
Rxc8 29. Rc1 Rg8 30. f4 g4 31. Nf2 Bd8 32. Qd3 b5 33. Kg2 gxh3+ 34. Nxh3 Qh5
35. Nhg1 Rg7 36. a4 Ne7 37. Nf3 Nec6 38. Bd2 Qe8 39. Qa3 Be7 40. axb5 axb5 41.
Rb1 Bf8 42. Qd3 Kg8 43. Ng5 h6 44. Nf3 Rc7 1/2-1/2

[Event "3FoglarGM_A"]
[Site "?"]
[Date "2007.??.??"]
[Round "?"]
[White "Sykora, Josef"]
[Black "Nyvlt, Zdenek"]
[Result "1/2-1/2"]
[WhiteElo "2375"]
[BlackElo "2459"]
[PlyCount "79"]
[EventDate "2007.??.??"]

1. c4 Nf6 2. Nf3 c5 3. g3 b6 4. Bg2 Bb7 5. O-O g6 6. Nc3 Bg7 7. d4 cxd4 8. Qxd4
d6 9. Be3 Nbd7 10. Rac1 a6 11. Qd2 O-O 12. Bh6 Rc8 13. Bxg7 Kxg7 14. b3 Rc5 15.
Rfd1 Qa8 16. Qe3 Ne5 17. Na4 Nxf3+ 18. exf3 Re5 19. Qc3 b5 20. Nb6 Qa7 21. Nd7
Nxd7 22. f4 Bxg2 23. Kxg2 Qb7+ 24. f3 Rc8 25. Qd4 bxc4 26. Rxc4 Rxc4 27. bxc4
g5 28. fxe5 Nxe5 29. Qd5 Qb2+ 30. Qd2 Qxd2+ 31. Rxd2 Nxc4 32. Rd3 d5 33. Kf2 e6
34. Rb3 h5 35. h3 a5 36. Ke2 a4 37. Rb8 a3 38. Ra8 Kf6 39. Kd3 Kf5 40. Ra7
1/2-1/2

[Event "3FoglarGM_A"]
[Site "?"]
[Date "2007.??.??"]
[Round "?"]
[White "Mrkvicka, Josef"]
[Black "Conttegnie, Francis"]
[Result "1/2-1/2"]
[WhiteElo "2488"]
[BlackElo "2398"]
[PlyCount "106"]
[EventDate "2007.??.??"]

1. e4 e5 2. Nf3 Nf6 3. Nxe5 d6 4. Nf3 Nxe4 5. d4 d5 6. Bd3 Bd6 7. O-O O-O 8.
Re1 Bf5 9. c4 c6 10. Qc2 Bg6 11. c5 Bc7 12. Nc3 Na6 13. a3 Re8 14. b4 Rc8 15.
Bb2 Qe7 16. Re3 f5 17. Rf1 Bf4 18. Ree1 Nc7 19. Ne2 Ne6 20. Nxf4 Nxf4 21. Bc1
Nxd3 22. Qxd3 f4 23. Ne5 Qh4 24. Qb3 Re6 25. f3 Ng3 26. Rf2 Rf8 27. Qc3 Bf7 28.
Rb2 Nf5 29. Ree2 a6 30. a4 Rfe8 31. b5 axb5 32. axb5 Ra8 33. bxc6 bxc6 34. Rb4
Be8 35. Qb2 Re7 36. Bd2 g6 37. Qb1 Kf8 38. Be1 Qg5 39. Qc1 Qh6 40. Ng4 Qg7 41.
Re5 Rxe5 42. dxe5 d4 43. Bd2 g5 44. Qb1 Qg6 45. Rb8 Rxb8 46. Qxb8 Kg7 47. Nf6
Bf7 48. Qd8 Ne3 49. Ne4 Nd5 50. Qxg5 Qxg5 51. Nxg5 Kg6 52. e6 Bg8 53. Nh3 Bxe6
1/2-1/2

[Event "3FoglarGM_A"]
[Site "?"]
[Date "2007.??.??"]
[Round "?"]
[White "Mrkvicka, Josef"]
[Black "Sykora, Josef"]
[Result "1/2-1/2"]
[WhiteElo "2488"]
[BlackElo "2375"]
[PlyCount "101"]
[EventDate "2007.??.??"]

1. d4 d5 2. Nf3 c6 3. c4 e6 4. Nc3 Nf6 5. Bg5 h6 6. Bh4 dxc4 7. e4 g5 8. Bg3 b5
9. Be2 Bb7 10. O-O Nbd7 11. Ne5 Bg7 12. Nxd7 Nxd7 13. Bd6 Qb6 14. e5 c5 15.
dxc5 Nxc5 16. a4 Rd8 17. Nxb5 Bxe5 18. Nc7+ Qxc7 19. Bxc7 Rxd1 20. Bxe5 Rxa1
21. Rxa1 O-O 22. Bxc4 Rc8 23. Bb5 a6 24. Bf1 Nb3 25. Rd1 a5 26. Bb5 Bd5 27. f3
f5 28. Bc3 Kf7 29. g4 fxg4 30. fxg4 Ke7 31. h3 Rc5 32. Rd3 Rc7 33. h4 Kd6 34.
Rh3 Rf7 35. hxg5 hxg5 36. Rh5 Kc5 37. Be2 Nc1 38. Ba6 Rf4 39. Rxg5 Rxa4 40. Rg8
Na2 41. Bd2 Nb4 42. Be2 Ra1+ 43. Kf2 Rh1 44. Bf4 e5 45. Be3+ Kd6 46. Rg6+ Be6
47. Bc4 Nd5 48. b3 Rh3 49. Bc5+ Kxc5 50. Rxe6 Ne3 51. Rxe5+ 1/2-1/2

[Event "3FoglarGM_A"]
[Site "?"]
[Date "2007.??.??"]
[Round "?"]
[White "Henrich, Gunter"]
[Black "Standke, Wolfgang"]
[Result "1/2-1/2"]
[WhiteElo "2398"]
[BlackElo "2523"]
[PlyCount "55"]
[EventDate "2007.??.??"]

1. d4 Nf6 2. c4 g6 3. Nf3 Bg7 4. Nc3 O-O 5. e4 d6 6. Be2 e5 7. O-O Nc6 8. d5
Ne7 9. b4 Nh5 10. Re1 f5 11. Ng5 Nf6 12. Bf3 c6 13. Be3 h6 14. Ne6 Bxe6 15.
dxe6 Nxe4 16. Nxe4 fxe4 17. Bxe4 d5 18. cxd5 cxd5 19. Bc2 b6 20. Qg4 e4 21.
Rad1 Qc7 22. Bb3 Rf5 23. Re2 h5 24. Qh4 Bf6 25. Qg3 Be5 26. Qh4 Bf6 27. Qg3 Be5
28. Qh4 1/2-1/2

[Event "3FoglarGM_A"]
[Site "?"]
[Date "2007.??.??"]
[Round "?"]
[White "Bures, Jilji"]
[Black "Versili, Mario"]
[Result "1/2-1/2"]
[WhiteElo "2451"]
[BlackElo "2428"]
[PlyCount "57"]
[EventDate "2007.??.??"]

1. e4 c5 2. Nf3 Nc6 3. d4 cxd4 4. Nxd4 e5 5. Nb5 d6 6. c4 Be7 7. N1c3 a6 8. Na3
Nf6 9. Nc2 O-O 10. Bd3 Nd7 11. O-O Nc5 12. Ne3 Bg5 13. Ncd5 Be6 14. b4 Bxd5 15.
Nxd5 Bxc1 16. Rxc1 Ne6 17. Re1 Ncd4 18. Re3 g6 19. Rg3 Kg7 20. Qd2 Qh4 21. Re1
Qh6 22. Qxh6+ Kxh6 23. Nb6 Rad8 24. Kf1 Kg7 25. Rd1 h5 26. h4 f6 27. Bb1 Rf7
28. Rc3 Kh6 29. a3 1/2-1/2

[Event "3FoglarGM_A"]
[Site "?"]
[Date "2007.??.??"]
[Round "?"]
[White "Nyvlt, Zdenek"]
[Black "Morais, Gustavo"]
[Result "1/2-1/2"]
[WhiteElo "2459"]
[BlackElo "2376"]
[PlyCount "85"]
[EventDate "2007.??.??"]

1. e4 c5 2. Nf3 d6 3. d4 cxd4 4. Nxd4 Nf6 5. Nc3 a6 6. Be3 e5 7. Nf3 Be7 8. Bc4
O-O 9. O-O Nc6 10. Re1 Be6 11. Nd5 Bxd5 12. exd5 b5 13. Be2 Nb4 14. c4 bxc4 15.
Bxc4 Qc7 16. Rc1 Qb7 17. Qb3 Rfb8 18. Red1 Qd7 19. Qc3 a5 20. a3 Na6 21. b3 Nc7
22. Qc2 Nb5 23. Qa2 Qb7 24. a4 Nc7 25. Qd2 Ng4 26. Bg5 Nf6 27. Bxf6 Bxf6 28.
Ng5 Qb4 29. Qe3 Bxg5 30. Qxg5 Ne8 31. Rd3 h6 32. Qf5 Nf6 33. Rcd1 Qc5 34. Rh3
Qc8 35. Qf3 Qd8 36. Re1 Rb4 37. Qg3 Kh8 38. Qg5 Rc8 39. Qf5 Kg8 40. Rg3 g6 41.
Qd3 Rc5 42. Qd1 Kg7 43. Rf1 1/2-1/2

[Event "3FoglarGM_A"]
[Site "?"]
[Date "2007.??.??"]
[Round "?"]
[White "Poulheim, Karl-Friedrich"]
[Black "Daubenfeld, Nico"]
[Result "0-1"]
[WhiteElo "2404"]
[BlackElo "2400"]
[PlyCount "80"]
[EventDate "2007.??.??"]

1. e4 c5 2. d4 cxd4 3. c3 dxc3 4. Nxc3 Nc6 5. Nf3 e6 6. Bc4 a6 7. O-O Nge7 8.
Bg5 f6 9. Be3 b5 10. Bb3 Bb7 11. Nh4 Na5 12. f4 Nxb3 13. axb3 b4 14. f5 h5 15.
Na4 Bxe4 16. Qe2 Bxf5 17. Nb6 Rb8 18. Rxa6 Kf7 19. Nc4 Kg8 20. Rfa1 Bg4 21. Qd3
d5 22. Bb6 Qd7 23. h3 Bf5 24. Nxf5 Nxf5 25. Bf2 Nd6 26. Nxd6 Bxd6 27. Ra7 Qe8
28. R1a6 Be5 29. Bd4 Qb5 30. Qe3 Bxd4 31. Qxd4 Qe2 32. Ra1 Rc8 33. Qxb4 Qe3+
34. Kh2 Kh7 35. Qe7 Qg5 36. Rg1 e5 37. b4 Rc2 38. Qe6 Rd8 39. b3 d4 40. Kh1 d3
0-1

[Event "3FoglarGM_A"]
[Site "?"]
[Date "2007.??.??"]
[Round "?"]
[White "Staniszewski, Jerzy"]
[Black "Vaclav, Juraj"]
[Result "1/2-1/2"]
[WhiteElo "2400"]
[BlackElo "2488"]
[PlyCount "69"]
[EventDate "2007.??.??"]

1. e4 e5 2. Nf3 Nc6 3. Bb5 a6 4. Ba4 Nf6 5. O-O Be7 6. Re1 b5 7. Bb3 O-O 8. c3
d5 9. exd5 Nxd5 10. Nxe5 Nxe5 11. Rxe5 c6 12. d4 Bd6 13. Re1 Qh4 14. g3 Qh3 15.
Be3 Bg4 16. Qd3 f5 17. f4 g5 18. Qf1 Qh5 19. Nd2 Kh8 20. Bxd5 cxd5 21. a4 Rae8
22. axb5 axb5 23. fxg5 Rxe3 24. Rxe3 f4 25. gxf4 Bxf4 26. Rg3 Qxg5 27. Kh1 Bd6
28. Qg2 Bxg3 29. Qxg3 h5 30. Rf1 Rxf1+ 31. Nxf1 Qc1 32. Qe5+ Kh7 33. Kg1 Qxb2
34. h3 Bd1 35. Qe7+ 1/2-1/2

[Event "3FoglarGM_A"]
[Site "?"]
[Date "2007.??.??"]
[Round "?"]
[White "Daubenfeld, Nico"]
[Black "Vaclav, Juraj"]
[Result "1/2-1/2"]
[WhiteElo "2400"]
[BlackElo "2488"]
[PlyCount "106"]
[EventDate "2007.??.??"]

1. e4 e5 2. Nf3 Nc6 3. Bb5 a6 4. Ba4 Nf6 5. O-O Be7 6. Re1 b5 7. Bb3 O-O 8. c3
d5 9. exd5 Nxd5 10. Nxe5 Nxe5 11. Rxe5 c6 12. d4 Bd6 13. Re1 Qh4 14. g3 Qh3 15.
Re4 g5 16. Qe1 h6 17. Nd2 Bf5 18. f3 Kg7 19. Qf2 Rae8 20. Qf1 Qxf1+ 21. Kxf1
Bxe4 22. fxe4 Nb6 23. a4 f6 24. Bc2 bxa4 25. Bxa4 Nxa4 26. Rxa4 a5 27. Rc4 Rc8
28. Ke2 Rf7 29. Nb3 Ra7 30. d5 Rac7 31. dxc6 Rxc6 32. Rxc6 Rxc6 33. Nxa5 Rc8
34. Be3 h5 35. Kd3 Ra8 36. b4 Kf7 37. Nc4 Bb8 38. Bd4 Ra2 39. Nd2 Ra1 40. b5
Ke6 41. b6 Rh1 42. c4 Rxh2 43. c5 Rg2 44. c6 Rxg3+ 45. Kc4 h4 46. e5 fxe5 47.
c7 Bxc7 48. bxc7 Kd7 49. Bxe5 Re3 50. Kd4 Ra3 51. Ne4 Ra4+ 52. Kd5 Ra5+ 53. Kd4
Ra4+ 1/2-1/2

[Event "3FoglarGM_A"]
[Site "?"]
[Date "2007.??.??"]
[Round "?"]
[White "Henrich, Gunter"]
[Black "Vaclav, Juraj"]
[Result "1/2-1/2"]
[WhiteElo "2404"]
[BlackElo "2488"]
[PlyCount "42"]
[EventDate "2007.??.??"]

1. d4 Nf6 2. c4 g6 3. Nf3 Bg7 4. Nc3 O-O 5. e4 d6 6. Be2 e5 7. O-O Nc6 8. d5
Ne7 9. b4 Nh5 10. Re1 f5 11. Ng5 Nf6 12. Bf3 c6 13. Be3 h6 14. Ne6 Bxe6 15.
dxe6 fxe4 16. Nxe4 Nxe4 17. Bxe4 d5 18. cxd5 cxd5 19. Bc2 b6 20. Qg4 e4 21.
Rad1 Qc7 1/2-1/2

[Event "3FoglarGM_A"]
[Site "?"]
[Date "2007.??.??"]
[Round "?"]
[White "Vaclav, Juraj"]
[Black "Poulheim, Karl-Friedrich"]
[Result "1-0"]
[WhiteElo "2488"]
[BlackElo "2404"]
[PlyCount "109"]
[EventDate "2007.??.??"]

1. d4 d5 2. c4 c6 3. Nf3 Nf6 4. Nc3 dxc4 5. a4 Bf5 6. Ne5 Nbd7 7. Nxc4 Qc7 8.
g3 e5 9. dxe5 Nxe5 10. Bf4 Nfd7 11. Bg2 f6 12. O-O Nc5 13. Ne3 Bg6 14. b4 Ne6
15. Qb3 Bf7 16. Qb1 Rd8 17. Rc1 Bg6 18. Be4 Bxe4 19. Qxe4 Rd4 20. Qc2 Rxb4 21.
Ncd5 cxd5 22. Qxc7 Nxc7 23. Rxc7 d4 24. Nd5 Rb2 25. Rd1 Nc6 26. e3 h6 27. h4 g5
28. Nxf6+ Kd8 29. Rd7+ Kc8 30. hxg5 hxg5 31. Bxg5 dxe3 32. Bxe3 Be7 33. Bf4 Bd8
34. Rf7 Rb4 35. Nd5 Rxa4 36. Ne3 Bb6 37. Nf5 Ra2 38. Rf1 Rc2 39. g4 Rg8 40. g5
Bd8 41. Nd6+ Kb8 42. Nxb7+ Ka8 43. Nxd8 Nxd8 44. Rf6 Nc6 45. Rd1 Rc4 46. Kf1
Nd4 47. g6 Rc6 48. Rf7 Ne6 49. Be5 Ng5 50. Rdd7 Rc1+ 51. Ke2 Rc2+ 52. Kd3 Nxf7
53. gxf7 Rgc8 54. Bd4 R2c6 55. Re7 1-0

[Event "3FoglarGM_A"]
[Site "?"]
[Date "2007.??.??"]
[Round "?"]
[White "Staniszewski, Jerzy"]
[Black "Mrkvicka, Josef"]
[Result "1/2-1/2"]
[WhiteElo "2400"]
[BlackElo "2488"]
[PlyCount "140"]
[EventDate "2007.??.??"]

1. e4 c5 2. Nf3 Nc6 3. d4 cxd4 4. Nxd4 Nf6 5. Nc3 e5 6. Ndb5 d6 7. Bg5 a6 8.
Na3 b5 9. Nd5 Be7 10. Bxf6 Bxf6 11. c3 O-O 12. Nc2 Bg5 13. a4 bxa4 14. Rxa4 a5
15. Bc4 Rb8 16. Ra2 Kh8 17. Nce3 Bxe3 18. Nxe3 Ne7 19. b3 f5 20. exf5 Nxf5 21.
Nd5 Bb7 22. O-O Rc8 23. h3 Rc5 24. Qd3 Bxd5 25. Bxd5 Ne7 26. Bf3 d5 27. b4 Rc4
28. Qd2 axb4 29. cxb4 Rd4 30. Qc3 Ng6 31. b5 Rc4 32. Qb3 e4 33. Be2 Rc7 34. Rd1
Nf4 35. Bf1 Qf6 36. b6 Rb7 37. Rb1 h6 38. Ra7 Rbb8 39. Qe3 Qg6 40. Rb4 Ne6 41.
Qg3 Qxg3 42. fxg3 d4 43. Re7 Nc5 44. b7 d3 45. Rb5 Rf5 46. Rc7 Rbf8 47. Rb1
Nxb7 48. Rcxb7 d2 49. Be2 Rc5 50. Rd1 e3 51. Rb3 Re8 52. Rbb1 Rc6 53. g4 Rf8
54. Bf3 Re6 55. Rf1 Rc8 56. Be2 Rec6 57. Rbd1 Rc1 58. g3 g5 59. Kg2 Kg7 60. h4
R8c6 61. hxg5 hxg5 62. Rf5 Rxd1 63. Bxd1 Rc1 64. Be2 d1=Q 65. Bxd1 Rxd1 66.
Rxg5+ Kf6 67. Rf5+ Kg6 68. Kf3 Re1 69. Ra5 Rg1 70. Re5 Rf1+ 1/2-1/2

[Event "3FoglarGM_A"]
[Site "?"]
[Date "2007.??.??"]
[Round "?"]
[White "Henrich, Gunter"]
[Black "Bortolin, Bruno"]
[Result "0-1"]
[WhiteElo "2398"]
[BlackElo "2398"]
[PlyCount "80"]
[EventDate "2007.??.??"]

1. d4 f5 2. g3 Nf6 3. Bg2 e6 4. c4 Bb4+ 5. Bd2 Qe7 6. Nf3 Bxd2+ 7. Nbxd2 d6 8.
O-O O-O 9. Re1 e5 10. dxe5 dxe5 11. e4 Nc6 12. exf5 Bxf5 13. Qb3 Rab8 14. Qc3
Nd7 15. Nh4 Bg4 16. Bd5+ Be6 17. Bxc6 bxc6 18. b3 Rbe8 19. Ne4 Bh3 20. Re3 Nf6
21. Rae1 Nxe4 22. Rxe4 Qf7 23. Qe3 Qf6 24. Re2 Re6 25. Rxe5 Rxe5 26. Qxe5 Rd8
27. f4 Rd1+ 28. Kf2 Rf1+ 29. Ke3 Qf8 30. c5 Bg4 31. Ng2 Bxe2 32. Kxe2 Rh1 33.
Qe6+ Kh8 34. h4 Qd8 35. Qxc6 Ra1 36. Ne3 Rxa2+ 37. Kf3 Ra3 38. Qb5 a5 39. Ke2
h6 40. Nc2 Ra2 0-1

[Event "3FoglarGM_A"]
[Site "?"]
[Date "????.??.??"]
[Round "?"]
[White "Versili, Mario"]
[Black "Vaclav, Juraj"]
[Result "1/2-1/2"]
[WhiteElo "2428"]
[BlackElo "2488"]
[PlyCount "115"]
[EventDate "2007.??.??"]

1. e4 c5 2. Nf3 Nc6 3. d4 cxd4 4. Nxd4 Nf6 5. Nc3 e5 6. Ndb5 d6 7. Nd5 Nxd5 8.
exd5 Nb8 9. c4 Be7 10. Be2 a6 11. Nc3 O-O 12. O-O f5 13. f4 Nd7 14. fxe5 Nxe5
15. Qb3 Bf6 16. Be3 Ng6 17. Bf2 Be5 18. Na4 Qg5 19. Kh1 Nf4 20. Bf3 Qh6 21. Bg1
b5 22. Nb6 Rb8 23. Qe3 Qf6 24. cxb5 axb5 25. Rac1 Ng6 26. Rc7 f4 27. Qe2 b4 28.
Nxc8 Rfxc8 29. Rxc8+ Rxc8 30. Qb5 Ra8 31. Qxb4 Rxa2 32. b3 Ne7 33. Qc4 Qg6 34.
b4 Rc2 35. Qb5 Kf8 36. Re1 Rc3 37. Qd7 Qf5 38. Qxf5+ Nxf5 39. Rb1 Nd4 40. b5
Rb3 41. Rxb3 Nxb3 42. Bd1 Nc5 43. Bc2 g6 44. h4 Ke7 45. h5 gxh5 46. Bxh7 Kf6
47. b6 Bc3 48. Bxc5 dxc5 49. d6 Be5 50. d7 Ke7 51. Bf5 c4 52. b7 c3 53. Kg1 Kd8
54. Kf2 c2 55. Bxc2 Kxd7 56. Bf5+ Kc7 57. Be4 Kd8 58. Kf3 1/2-1/2